আবুল 'আলা আল মা'আররী ও তাঁর আল-মাখলূকাতু 'আবীদুল্লাহ কবিতা / (Record no. 78673)
[ view plain ]
| 000 -LEADER | |
|---|---|
| fixed length control field | 00942nam a2200217 a 4500 |
| 001 - CONTROL NUMBER | |
| control field | 78673 |
| 003 - CONTROL NUMBER IDENTIFIER | |
| rucl marc code | BD-RjUL |
| 005 - DATE AND TIME OF LATEST TRANSACTION | |
| control field | 20211209083147.0 |
| 008 - FIXED-LENGTH DATA ELEMENTS--GENERAL INFORMATION | |
| fixed length control field | 211031s2021 bg ||||| |||| 00| 0 ben d |
| 035 ## - SYSTEM CONTROL NUMBER | |
| System control number | (BD-RjUL)78899 |
| 040 ## - CATALOGING SOURCE | |
| Original cataloging agency | BD-RjUL |
| Language of cataloging | eng |
| Transcribing agency | BD-RjUL |
| 041 ## - LANGUAGE CODE | |
| Language code of text/sound track or separate title | ben |
| 082 ## - DEWEY DECIMAL CLASSIFICATION NUMBER | |
| Edition number | 23 |
| Classification number | 892.7134 |
| Author mark and year | HOA 2021 |
| 100 ## - MAIN ENTRY--PERSONAL NAME | |
| Personal name | হুসাইন, মুহা. বিলাল |
| 9 (RLIN) | 249487 |
| 245 ## - TITLE STATEMENT | |
| Title | আবুল 'আলা আল মা'আররী ও তাঁর আল-মাখলূকাতু 'আবীদুল্লাহ কবিতা / |
| Statement of responsibility, etc. | মুহা. বিলাল হুসাইন |
| 260 ## - PUBLICATION, DISTRIBUTION, ETC. (IMPRINT) | |
| Place of publication, distribution, etc. | রাজশাহী : |
| Name of publisher, distributor, etc. | হামিদা পাবলিকেশন, |
| Date of publication, distribution, etc. | ২০২১ |
| 300 ## - PHYSICAL DESCRIPTION | |
| Pagination | ৫০ পৃ.; |
| Illustrations | ২১ সেমি. |
| 600 ## - SUBJECT ADDED ENTRY--PERSONAL NAME | |
| Personal name | আবু আল-আলা'আল-মাআরি |
| Dates associated with a name | ৯৭৩-১০৫৭ |
| Personal name | Abū al-ʻAlāʼ al-Maʻarrī, |
| Dates associated with a name | 973-1057 |
| 942 ## - ADDED ENTRY ELEMENTS (KOHA) | |
| Source of classification or shelving scheme | Dewey Decimal Classification |
| Koha item type | Books |
| Lost status | Source of classification or shelving scheme | Damaged status | Not for loan | Collection code | Permanent Location | Current Location | Shelving location | Date acquired | Source of acquisition | Cost, normal purchase price | Total Checkouts | Full call number | Date last seen | Copy number | Koha item type |
|---|---|---|---|---|---|---|---|---|---|---|---|---|---|---|---|
| Dewey Decimal Classification | Non-fiction | Central Library, University of Rajshahi | Central Library, University of Rajshahi | 25/10/2021 | Md. Belal Hossain | 54.00 | B 892.7134 HOA 2021 | 31/10/2021 | C-5 | Books | |||||
| Dewey Decimal Classification | Non-fiction | Central Library, University of Rajshahi | Central Library, University of Rajshahi | 25/10/2021 | Md. Belal Hossain | 54.00 | B 892.7134 HOA 2021 | 01/11/2021 | C-4 | Books | |||||
| Dewey Decimal Classification | Non-fiction | Central Library, University of Rajshahi | Central Library, University of Rajshahi | 25/10/2021 | Md. Belal Hossain | 54.00 | B 892.7134 HOA 2021 | 01/11/2021 | C-3 | Books | |||||
| Dewey Decimal Classification | Non-fiction | Central Library, University of Rajshahi | Central Library, University of Rajshahi | 25/10/2021 | Md. Belal Hossain | 54.00 | B 892.7134 HOA 2021 | 01/11/2021 | C-2 | Books | |||||
| Dewey Decimal Classification | Not For Loan | Non-fiction | Central Library, University of Rajshahi | Central Library, University of Rajshahi | Reading Room | 25/10/2021 | Md. Belal Hossain | 54.00 | B 892.7134 HOA 2021 | 01/11/2021 | C-1 | Books |